000 00448nam a2200169Ia 4500
001 21104
003 IN-NITTTR
005 20251114233240.0
008 251113s9999||||xx |||||||||||||| ||eng||
040 _beng
040 _cIN-NITTTR
041 _aeng
082 _a690.869 W44B
100 _aWells, Karen Muller
245 0 _aBuilding Solar,how the professional builder is making solar construction work /
_cWells,Karen Muller
942 _2ddc
_cBK
999 _c23734
_d23734